LEADER 00937cam0 2200277 450 001 E600200020993 005 20210513070811.0 100 $a20061003d1961 |||||ita|0103 ba 101 $aita 102 $aIT 200 1 $aEnrico Pestalozzi$fThedor Litt$gEduard Spranger 210 $aRoma$cArmando$d1961 215 $a179 p.$d21 cm 225 2 $aproblemi della pedagogia$v59 410 1$1001LAEC00016494$12001 $aI *problemi della pedagogia$v59 700 1$aLitt$b, Theodor$3A600200037242$4070$0160623 702 1$aSpranger, Eduard$3A600200037250$4070 801 0$aIT$bUNISOB$c20210513$gRICA 850 $aUNISOB 852 $aUNISOB$j370|Coll|1|K$m10010 912 $aE600200020993 940 $aM 102 Monografia moderna SBN 941 $aM 957 $a370|Coll|1|K$b000043$gSi$d10010$racquisto$1pregresso1$2UNISOB$3UNISOB$420061003090555.0$520190618122448.0$6Spinosa 996 $aEnrico Pestalozzi$91691948 997 $aUNISOB LEADER 01580oam 2200457Ia 450 001 9910697021103321 005 20230902161936.0 035 $a(CKB)5470000002384694 035 $a(OCoLC)64440401 035 $a(EXLCZ)995470000002384694 100 $a20080512d2005 ua 0 101 0 $aeng 135 $aurmn||||||||| 181 $ctxt$2rdacontent 182 $cc$2rdamedia 183 $acr$2rdacarrier 200 10$aExtending post-processing and run time capabilities of the CTH shock physics code$b[electronic resource] /$fJerry A. Clarke and Eric R. Mark 210 1$aAberdeen Proving Ground, MD :$cU.S. Army Research Laboratory,$d[2005] 215 $a1 online resource (iv, 9 pages) $cillustrations 225 1 $aARL-TR ;$v3576 300 $aTitle from title screen (viewed May 28, 2010). 300 $a"August 2005." 320 $aIncludes bibliographical references (page 8). 410 0$aARL-TR (Aberdeen Proving Ground, Md.) ;$v3576. 606 $aSupercomputers 606 $aComputer graphics 606 $aInformation visualization 608 $aComputer programs.$2lcgft 615 0$aSupercomputers. 615 0$aComputer graphics. 615 0$aInformation visualization. 700 $aClarke$b Jerry A$01393889 701 $aMark$b Eric R$01393890 712 02$aU.S. Army Research Laboratory. 801 0$bDTICE 801 1$bDTICE 801 2$bGPO 906 $aBOOK 912 $a9910697021103321 996 $aExtending post-processing and run time capabilities of the CTH shock physics code$93450535 997 $aUNINA